[Event "Politiken Cup 2013"]
[Site "Helsingor DEN"]
[Date "2013.07.28"]
[Round "3.75"]
[White "Skjoldager,M"]
[Black "Fjellengen,B"]
[Result "0-1"]
[WhiteElo "2088"]
[BlackElo "1869"]

1.d4 d5 2.c4 c6 3.Nf3 Nf6 4.Nc3 e6 5.e3 Bb4 6.a3 Bxc3+ 7.bxc3 Qa5 8.Qb3 O-O
9.Bd3 Nbd7 10.O-O Qa6 11.Rd1 Qb6 12.Qc2 Qc7 13.a4 e5 14.cxd5 cxd5 15.dxe5 Nxe5
16.Nxe5 Qxe5 17.h3 h5 18.Bb2 Qg5 19.Kh1 Qh4 20.Bf1 Be6 21.c4 dxc4 22.Rd4 Qg5
23.Rad1 a6 24.Bxc4 Rac8 25.Qe2 Bxc4 26.Rxc4 Rxc4 27.Qxc4 Qf5 28.Bxf6 Qxf6
29.Kg1 Rd8 30.Rd4 g6 31.Rf4 Qe7 32.Qb3 Rc8 33.Rb4 Rc7 34.Rb6 Kh7 35.Rb4 Qe5
36.f4 Qc5 37.Kh2 Qc6 38.Rb6 Qe4 39.Rf6 Kg7 40.Rd6 Rc2  0-1

[Event "Politiken Cup 2013"]
[Site "Helsingor DEN"]
[Date "2013.07.28"]
[Round "3.34"]
[White "Schandorff,L"]
[Black "Andersen,So2"]
[Result "1-0"]
[WhiteElo "2522"]
[BlackElo "2115"]

1.d4 d5 2.c4 c6 3.Nc3 Nf6 4.e3 e6 5.Nf3 Nbd7 6.Qc2 Bd6 7.Bd3 e5 8.cxd5 cxd5
9.Nb5 Bb8 10.dxe5 Nxe5 11.Nxe5 Bxe5 12.Bd2 O-O 13.Bc3 Bxc3+ 14.Qxc3 Be6 15.O-O Qb6
16.Rfc1 Rfc8 17.Qd4 Rxc1+ 18.Rxc1 Qxd4 19.Nxd4 Ne8 20.Bb5 Nd6 21.Rc7 Rd8
22.Kf1 a6 23.Ba4 b5 24.Bc2 Rc8 25.Ra7 g6 26.Rxa6 Nf5 27.Bxf5 Rc1+ 28.Ke2 Bxf5
29.Rb6 Bd7 30.Rb7 Be8 31.Rb8 Kf8 32.Kf3 Rb1 33.b3 Rb2 34.Nxb5 Ke7 35.Rb7+ Kf6
36.Nc7 Bc6 37.Rb6 Rc2 38.Kg3 Ke5 39.Na6 Rc3 40.Rb4 f5 41.h4 h6 42.Rd4 g5
43.hxg5 hxg5 44.Nb4 f4+ 45.Kf3 Bb7 46.Ke2 fxe3 47.fxe3 Rc5 48.Nd3+  1-0

[Event "Politiken Cup 2013"]
[Site "Helsingor DEN"]
[Date "2013.07.28"]
[Round "3.67"]
[White "Christiansen,JJ"]
[Black "Degerfeldt,Sven"]
[Result "1-0"]
[WhiteElo "2121"]
[BlackElo "1921"]

1.d4 d5 2.c4 e6 3.Nf3 Nf6 4.Nc3 c6 5.e3 Nbd7 6.Bd3 Bd6 7.O-O O-O 8.e4 dxe4
9.Nxe4 Nxe4 10.Bxe4 h6 11.Bc2 f5 12.Qe2 Qf6 13.Re1 Re8 14.c5 Bc7 15.Ne5 Bxe5
16.dxe5 Qe7 17.Be3 Nxc5 18.Qc4 Nd7 19.f4 Nb6 20.Bxb6 axb6 21.Bxf5 b5 22.Qb3 Rf8
23.Be4 Rxf4 24.Qe3 Rf8 25.a3 Bd7 26.Rad1 Rad8 27.Qb6 Bc8 28.b4 Kh8 29.Qe3 g5
30.g3 Kg7 31.Bc2 Kh8 32.Qe4 Qg7 33.Rf1 Rxd1 34.Rxd1 Qf7 35.Qe3 Bd7 36.h4 Qg7
37.hxg5 hxg5 38.Kg2 Kg8 39.Rh1 Rf5 40.Bxf5 exf5 41.Qb3+ Kf8 42.e6 Be8 43.Re1 Qh7
44.Qc3 c5 45.Qf6+ Kg8 46.Qxg5+ Kf8 47.Qf6+ Kg8 48.Qd8 Qg6 49.Kf2 c4 50.Re3 Qh5
51.Ke1 Qg6 52.Kd2 Kf8 53.Kc3 f4 54.gxf4 Qg1 55.Qf6+ Kg8 56.Qg5+  1-0

[Event "Biel MTO 2013"]
[Site "Biel SUI"]
[Date "2013.07.29"]
[Round "7.4"]
[White "Gharamian,T"]
[Black "Antipov,M2"]
[Result "1-0"]
[WhiteElo "2655"]
[BlackElo "2490"]

1.d4 d5 2.c4 c6 3.Nf3 Nf6 4.Nc3 e6 5.e3 Nbd7 6.Bd3 dxc4 7.Bxc4 b5 8.Be2 Bb7
9.O-O a6 10.e4 c5 11.e5 Nd5 12.a4 Nxc3 13.bxc3 c4 14.Ng5 Be7 15.Bf3 Bxf3
16.Qxf3 O-O 17.Qh5 Bxg5 18.Bxg5 Qe8 19.Qh4 f6 20.exf6 Nxf6 21.Bxf6 Rxf6 22.Qe4 bxa4
23.Qc2 Qc6 24.Rxa4 Rg6 25.g3 Rg5 26.Qa2 Rb5 27.Rxc4 Qd5 28.Re1 Ra5 29.Qe2 Rf8
30.Rc7 h5 31.Rf1 Ra2 32.Qd3 Rf5 33.Rc8+ Kf7 34.Rc5 Qf3 35.Rxf5+ Qxf5 36.Qxf5+ exf5
37.Rc1 Rd2 38.h4 a5 39.Ra1 Rc2 40.Rxa5 Rxc3 41.Rxf5+ Kg6  1-0

[Event "9th Gazi 2013"]
[Site "Gazi GRE"]
[Date "2013.07.29"]
[Round "4"]
[White "Papadakis,M"]
[Black "Androni,K"]
[Result "1-0"]
[WhiteElo "2222"]
[BlackElo "1953"]

1.d4 d5 2.c4 c6 3.Nc3 Nf6 4.e3 e6 5.Nf3 Nbd7 6.Bd3 dxc4 7.Bxc4 b5 8.Be2 a6
9.e4 b4 10.e5 bxc3 11.exf6 Nxf6 12.bxc3 Bd6 13.O-O O-O 14.Bg5 c5 15.Rb1 Qc7
16.Bxf6 gxf6 17.h3 Kh8 18.Nd2 f5 19.Nc4 Be7 20.Bf3 Rb8 21.Ne5 Rxb1 22.Qxb1 Bf6
23.Re1 Kg8 24.Bh5 Bb7 25.Qd3 Bg7 26.Qc4 Bd5 27.Qxa6 cxd4 28.cxd4 Bxe5 29.dxe5 Ra8
30.Qd3 Rxa2 31.Qg3+ Kf8 32.Qg5 Qa7 33.Qd8+ Kg7 34.Qf6+ Kf8 35.Qd8+ Kg7 36.Qf6+ Kf8
37.Re3 Qc7 38.Rc3 Ra1+ 39.Kh2  1-0

[Event "Politiken Cup 2013"]
[Site "Helsingor DEN"]
[Date "2013.07.29"]
[Round "4.88"]
[White "Sorensen,D"]
[Black "Olsen,Filip Boe"]
[Result "1-0"]
[WhiteElo "2000"]
[BlackElo "1753"]

1.c4 c6 2.d4 d5 3.e3 Nf6 4.Nc3 e6 5.Nf3 Nbd7 6.cxd5 exd5 7.Bd3 Bd6 8.O-O O-O
9.Ne1 Qc7 10.f4 Nb6 11.Nf3 Re8 12.Ne5 a6 13.Bd2 c5 14.Rc1 c4 15.Bb1 Nbd7
16.Qf3 Nb6 17.h3 Bd7 18.g4 Bc6 19.g5 Nfd7 20.h4 Nxe5 21.fxe5 Bf8 22.Ne2 Bd7
23.Qxf7+ Kh8 24.Bxh7 Be7 25.Qh5 Bg4 26.Qxg4 Kxh7 27.Qh5+ Kg8 28.g6 Bf6 29.Qh7+ Kf8
30.Rxf6+  1-0

[Event "5th Rethymno Open"]
[Site "Rethymno GRE"]
[Date "2013.07.29"]
[Round "2.17"]
[White "Adamopoulos,I"]
[Black "Ankit,R"]
[Result "0-1"]
[WhiteElo "2039"]
[BlackElo "2421"]

1.d4 d5 2.c4 c6 3.Nc3 Nf6 4.Nf3 e6 5.e3 Nbd7 6.Qc2 Bd6 7.Bd3 O-O 8.O-O dxc4
9.Bxc4 a6 10.e4 e5 11.Rd1 Qc7 12.h3 exd4 13.Nxd4 b5 14.Be2 Re8 15.a3 Be5
16.Be3 Bb7 17.f3 g6 18.Rac1 Rac8 19.Qb3 c5 20.Nc2 Nb6 21.Qa2 Nh5 22.Bf2 Bh2+
23.Kh1 Bf4 24.Rb1 Bg3 25.Be1 b4 26.axb4 cxb4 27.Nxb4 Bxe1 28.Rxe1 Ng3+ 29.Kg1 Qc5+
30.Kh2 Nxe2 31.Nd3 Qc7+ 32.Kh1 Nd4 33.Rbc1 Qg3 34.Nd5 Nxd5 35.exd5 Rxc1 36.Rxc1 Nxf3  0-1

[Event "Sparkassen Open A 2013"]
[Site "Dortmund GER"]
[Date "2013.07.30"]
[Round "4.38"]
[White "Nepveu,M"]
[Black "Sherif,Amina"]
[Result "1-0"]
[WhiteElo "1955"]
[BlackElo "1641"]

1.d4 d5 2.Nf3 Nf6 3.c4 c6 4.Nc3 e6 5.e3 Nbd7 6.Bd3 Be7 7.O-O O-O 8.e4 dxe4
9.Nxe4 Nxe4 10.Bxe4 Nf6 11.Bc2 c5 12.Bg5 Qc7 13.Qd3 g6 14.dxc5 Qxc5 15.Qc3 Nh5
16.Bxe7 Qxe7 17.Rfd1 Bd7 18.Ne5 Rfd8 19.Be4 Rab8 20.Bf3 Nf6 21.Qa5 a6 22.Qb6 Bc6
23.Nxc6 bxc6 24.Rxd8+ Qxd8 25.Qxd8+ Rxd8 26.b4 Rd4 27.Bxc6 Rxc4 28.b5 Nd5
29.Bxd5 exd5 30.bxa6 Ra4 31.Kf1 Rxa6 32.a4 Kf8 33.Ke2 Ke7 34.Kd3 Kd6 35.Kd4 Ra5
36.f4 f5 37.h3 h6 38.h4 Kc6 39.h5 gxh5 40.Ke5 Kc5 41.Rc1+ Kb4 42.Rd1 Kc4
43.Rd4+ Kc3 44.Rxd5 Rxa4 45.Kxf5 Ra2 46.Rd6 Rxg2 47.Rxh6 Rh2 48.Kg5 Kd4 49.Rxh5 Rf2
50.Rh8 Rg2+ 51.Kf6 Ke3 52.Ke5 Kf3 53.f5 Ra2 54.f6 Ra5+ 55.Ke6 Ra6+ 56.Kf5 Ra5+
57.Kg6 Kg4 58.Rb8 Rg5+ 59.Kf7 Rf5 60.Ke6 Rf1 61.Rg8+ Kh5 62.f7 Re1+ 63.Kd5 Rd1+
64.Kc4 Rc1+ 65.Kb3 Rb1+ 66.Kc2 Rf1 67.f8=Q Rf6 68.Rh8+ Kg5 69.Qxf6+ Kxf6
70.Rh5 Kg6 71.Ra5 Kf6 72.Kd3 Ke6 73.Kd4 Kf6 74.Ke4 Kg6 75.Kf4 Kh6 76.Kg4  1-0

[Event "5th Rethymno Open"]
[Site "Rethymno GRE"]
[Date "2013.07.30"]
[Round "4.6"]
[White "Rychagov,A"]
[Black "Ankit,R"]
[Result "0-1"]
[WhiteElo "2544"]
[BlackElo "2421"]

1.d4 d5 2.c4 c6 3.Nc3 Nf6 4.e3 e6 5.Nf3 Nbd7 6.Qc2 Bd6 7.b3 O-O 8.Be2 b6
9.O-O Bb7 10.Bb2 Qe7 11.Rfe1 Rfe8 12.a3 Rad8 13.e4 dxe4 14.Nxe4 Nxe4 15.Qxe4 f5
16.Qc2 c5 17.d5 exd5 18.cxd5 Qf7 19.Bc4 h6 20.Re6 Nf8 21.Qc3 Nxe6 22.dxe6 Qe7
23.Nh4 Bxh2+ 24.Kh1 Be5 25.Qxe5 Qxh4+ 26.Kg1 Re7 27.Qxf5 Be4 28.Qh3 Qxh3
29.gxh3 Bf5 30.Re1 b5 31.Bxb5 Bxe6 32.a4 Kf7 33.Re3 Rd1+ 34.Kh2 Bd5 35.Ba3 Rxe3
36.fxe3 Rd2+ 37.Kg3 Rc2 38.Kf4 Bxb3 39.e4 Be6 40.h4 Rc3  0-1

[Event "5th Rethymno Open"]
[Site "Rethymno GRE"]
[Date "2013.07.30"]
[Round "4.28"]
[White "Chernukhin,Alexander"]
[Black "Iasman,I"]
[Result "1/2-1/2"]
[WhiteElo "2080"]
[BlackElo "1970"]

1.d4 d5 2.c4 c6 3.Nc3 Nf6 4.e3 e6 5.Nf3 Nbd7 6.Qc2 Bd6 7.b3 O-O 8.Be2 Re8
9.O-O dxc4 10.bxc4 e5 11.Rd1 e4 12.Nd2 Qe7 13.c5 Bc7 14.g3 Nf8 15.Rb1 Ng6
16.Bc4 h5 17.d5 cxd5 18.Nxd5 Nxd5 19.Bxd5 Rb8 20.Bxe4 Ne5 21.Ba3 h4 22.Rdc1 hxg3
23.hxg3 Qf6 24.Bg2 Ng4 25.Nf1 Bf5 26.e4 Bd7 27.Bb2 Qh6 28.Qd2 Qxd2 29.Nxd2 Ne5
30.Nc4 Nxc4 31.Rxc4 Red8 32.Rd4 Bc6 33.Rbd1 Rxd4 34.Rxd4 f6 35.Kf1 Bb5+ 36.Ke1  1/2-1/2

[Event "9th Tabor Open 2013"]
[Site "Tabor CZE"]
[Date "2013.07.30"]
[Round "4.44"]
[White "Lauko,M"]
[Black "Hostasa,Petr"]
[Result "1-0"]
[WhiteElo "1868"]
[BlackElo "1544"]

1.d4 d5 2.Nf3 Nf6 3.c4 e6 4.Nc3 c6 5.e3 Be7 6.Bd3 O-O 7.O-O b6 8.a3 c5 9.b3 Bb7
10.Ne5 Nbd7 11.Qc2 Bd6 12.f4 Ba6 13.Bb2 Bxe5 14.dxe5 Ng4 15.Nd1 Qh4 16.h3 Nh6
17.Bxh7+ Kh8 18.Bd3 Rg8 19.Qf2 Qxf2+ 20.Nxf2 Nf5 21.Rfe1 g6 22.cxd5 Kg7 23.d6 b5
24.Rac1 Rac8 25.Kh2 Nb6 26.Be4 Nd5 27.Bxd5 exd5 28.g4 Nh6 29.d7 Rc7 30.e6+ Kf8
31.Be5  1-0

[Event "Charleroi Open 2013"]
[Site "Charleroi BEL"]
[Date "2013.07.31"]
[Round "6.5"]
[White "Van Cappellen,J"]
[Black "Hautot,S"]
[Result "0-1"]
[WhiteElo "2144"]
[BlackElo "2366"]

1.d4 d5 2.c4 c6 3.Nc3 Nf6 4.e3 e6 5.Nf3 Nbd7 6.b3 Bb4 7.Bd2 Qe7 8.Be2 O-O
9.O-O b6 10.Qc2 Bb7 11.Bd3 c5 12.cxd5 exd5 13.a3 Ba5 14.dxc5 Bxc3 15.Bxc3 bxc5
16.b4 c4 17.Bf5 Ne4 18.Nd2 Nxc3 19.Qxc3 Ne5 20.Rfe1 g6 21.Bc2 Rfe8 22.Qd4 Nc6
23.Qc3 Ne5 24.Qd4 Nc6 25.Qc3 Qe5 26.Qxe5 Nxe5 27.Red1 Rac8 28.a4 Red8 29.Nb1 d4
30.exd4 Nd3 31.Nc3 Nxb4 32.Rac1 a5 33.f3 Rd7 34.Be4 Ba6 35.d5 f5 36.Bb1 Rcd8
37.Rd4 Nxd5 38.Rcd1 Nb6 39.Rxd7 Rxd7 40.Rxd7 Nxd7 41.Kf2 Nc5 42.Ke3 Ne6 43.Ba2 Kg7
44.Nb5 f4+ 45.Ke4 Nc5+ 46.Kd4 Nxa4 47.Nc7 Bc8 48.Bxc4 Bd7 49.Ke5 g5 50.g3 fxg3
51.hxg3 Nb6 52.Ba2 h5 53.f4 h4 54.gxh4 gxh4 55.f5 h3 56.f6+ Kf8 57.Bb1 Nc4+
58.Kf4 h2 59.Be4 a4 60.Na6 a3 61.Nb4 Na5 62.Kg3 Bc6 63.Kxh2 Bxe4 64.Na2 Nb3
65.Kg3 Bb1 66.Nc3 Nd4  0-1

[Event "Sparkassen Open A 2013"]
[Site "Dortmund GER"]
[Date "2013.07.31"]
[Round "5.13"]
[White "Beutelhoff,J"]
[Black "Simanowski,Mio"]
[Result "1/2-1/2"]
[WhiteElo "2111"]
[BlackElo "1864"]

1.d4 d5 2.c4 c6 3.Nc3 Nf6 4.Nf3 e6 5.e3 Nbd7 6.Bd3 Be7 7.O-O O-O 8.e4 dxe4
9.Nxe4 b6 10.Qe2 Bb7 11.Rd1 Qc7 12.Bg5 c5 13.dxc5 Bxc5 14.Nxf6+ Nxf6 15.Bxf6 gxf6
16.Be4 Bxe4 17.Qxe4 Rad8 18.Qe2 Rxd1+ 19.Rxd1 Rd8 20.Rxd8+ Qxd8 21.Qd2 Qxd2
22.Nxd2 Kf8 23.Kf1 Ke7 24.Ke2 f5 25.Nb3 Kd6 26.a3 a5 27.a4 e5 28.f3 Bd4 29.Nxd4 exd4
30.f4 Kc5 31.Kd3 Kb4 32.Kxd4 h6 33.g3 h5 34.Kd5 Kxa4 35.Kc6 Kb3 36.Kxb6 Kxc4
37.Kxa5 Kb3 38.Kb5 Kxb2 39.Kc4 Kc2 40.Kd5 Kd3 41.Ke5 Ke3 42.Kxf5 Kf3 43.Kf6 Kg2
44.Kxf7 Kxh2 45.f5 Kxg3 46.f6 h4 47.Kg6 h3  1/2-1/2

[Event "Biel MTO 2013"]
[Site "Biel SUI"]
[Date "2013.08.01"]
[Round "10.17"]
[White "Rindlisbacher,J"]
[Black "Schiendorfer,E"]
[Result "1-0"]
[WhiteElo "2219"]
[BlackElo "2392"]

1.d4 d5 2.c4 c6 3.Nc3 Nf6 4.Nf3 e6 5.e3 Nbd7 6.Qc2 Bd6 7.g4 h6 8.h3 e5 9.Bd2 e4
10.Nh4 O-O 11.Nf5 Bc7 12.cxd5 cxd5 13.Nb5 Ba5 14.b4 Bb6 15.Rc1 Ne8 16.a4 a6
17.Nc3 Ndf6 18.a5 Bc7 19.Qa2 Be6 20.Be2 Kh7 21.Bd1 g6 22.Ng3 Nd6 23.Bb3 Nb5
24.Nge2 Na7 25.Na4 Rb8 26.Nc5 Kg7 27.Rg1 Nb5 28.Ba4 Nh7 29.Bxb5 axb5 30.Nc3 Ng5
31.Nxb5 Nf3+ 32.Kf1 Bh2 33.Rh1 h5 34.Kg2 hxg4 35.Rxh2 gxh3+ 36.Kh1 Nxh2 37.Kxh2 Bd7
38.Qxd5 Bxb5 39.Qe5+ Qf6 40.Qxf6+ Kxf6 41.Nxe4+ Ke7 42.Rc5 Bd7 43.Re5+ Be6
44.b5 Rfc8 45.Bb4+ Kd7 46.d5 Rc2 47.dxe6+ fxe6 48.Nc5+ Ke7 49.Kxh3 Kf7 50.Kg2 Rb2
51.Re4 Rc8 52.Rf4+ Kg8 53.Nxe6 Re8 54.Ng5 Rxe3 55.a6 bxa6 56.bxa6 Re8 57.a7 Ra2
58.Bc5 Re5 59.Rf8+ Kg7 60.Ne6+ Rxe6 61.a8=Q Rxa8 62.Rxa8 Kf6 63.Rb8 Kf5 64.Rb6 Re4
65.Be3 Rg4+ 66.Kf3 Ra4 67.Rb5+ Ke6 68.Bf4 Ra2 69.Kg3 Kf6 70.f3 Kf7 71.Rb7+ Ke6
72.Kg4 Rf2 73.Rb4 Kf7 74.Bg5 Ra2 75.Rb7+ Kg8 76.Bf6 Kf8 77.Kg5 Rg2+ 78.Kh6 Ke8
79.Bg5  1-0

[Event "Dutch Open 2013"]
[Site "Dieren NED"]
[Date "2013.08.01"]
[Round "9.2"]
[White "Greenfeld,A"]
[Black "Sengupta,D"]
[Result "0-1"]
[WhiteElo "2561"]
[BlackElo "2555"]

1.d4 d5 2.c4 e6 3.Nc3 c6 4.Nf3 Nf6 5.e3 Nbd7 6.Bd3 dxc4 7.Bxc4 b5 8.Bd3 a6
9.e4 c5 10.e5 cxd4 11.Ne4 Nd5 12.O-O h6 13.a4 b4 14.a5 Be7 15.Bc4 Bb7 16.Qxd4 Rc8
17.Bd2 O-O 18.Rfe1 Qc7 19.Bxd5 Bxd5 20.Bxb4 Bxb4 21.Qxb4 Nxe5 22.Nxe5 Qxe5
23.Nc3 Qg5 24.Nxd5 Qxd5 25.Rad1 Qf5 26.Qb6 Rc2 27.Rf1 Rfc8 28.Rd8+ Rxd8 29.Qxd8+ Kh7
30.Qb6 Qd5 31.h3 e5 32.Qxa6 Rxb2 33.Qc8 e4 34.a6 e3 35.Qc3 exf2+ 36.Rxf2 Rxf2
37.Kxf2 Qa2+ 38.Kg1 Qxa6 39.Qd4 Qg6 40.Qd5 Qe6 41.Qd3+ f5 42.Kf2 Qe5 43.Kf3 h5
44.h4 Qf6 45.g3 Qe5 46.Qc4 Qd6 47.Qf7 Qd3+ 48.Kf2 Qd4+ 49.Kg2 Qg4 50.Qd7 Qe4+
51.Kh2 f4 52.gxf4 Qxf4+ 53.Kh3 Qe3+ 54.Kh2 Qe5+ 55.Kh3 Kg6 56.Qc6+ Kf5 57.Qd7+ Kf4  0-1

[Event "Politiken Cup 2013"]
[Site "Helsingor DEN"]
[Date "2013.08.01"]
[Round "7.69"]
[White "Thuesen,M"]
[Black "Oland,Arne"]
[Result "1/2-1/2"]
[WhiteElo "2267"]
[BlackElo "1955"]

1.d4 d5 2.c4 c6 3.Nf3 Nf6 4.Nc3 e6 5.e3 Bd6 6.Bd3 Nbd7 7.O-O O-O 8.Qc2 dxc4
9.Bxc4 e5 10.Rd1 Qe7 11.h3 e4 12.Nd2 Re8 13.Bf1 Nb6 14.b3 Bf5 15.Nc4 Bc7
16.Ba3 Qd8 17.Nxb6 axb6 18.Bb4 Nd5 19.Nxd5 cxd5 20.Rdc1 Rc8 21.Qd2 Qg5 22.Kh1 Bd7
23.Rc2 Bb8 24.Rac1 Rxc2 25.Rxc2 f5 26.g3 h5 27.h4 Qh6 28.Be2 g5 29.Rc1 Re6
30.f4 exf3 31.Bxf3 Bc6 32.Qg2 g4 33.Bxd5 Kh7 34.Rxc6 bxc6 35.Bxe6 Qxe6 36.Bd2 Qe4
37.Qxe4 fxe4 38.Kg2 Kg6 39.Bb4 Kf5 40.Be7 Bc7 41.Kf2 b5 42.Bg5 Ke6 43.Bf4 Ba5
44.Ke2 Kd5 45.Kd1  1/2-1/2

[Event "9th Ribeira Valley Open 2013"]
[Site "Registro BRA"]
[Date "2013.08.01"]
[Round "5.3"]
[White "Mareco,S"]
[Black "Fernandez,Dani"]
[Result "1/2-1/2"]
[WhiteElo "2561"]
[BlackElo "2405"]

1.d4 d5 2.c4 c6 3.Nf3 Nf6 4.Nc3 e6 5.e3 Nbd7 6.Qc2 Bd6 7.Be2 O-O 8.O-O dxc4
9.Bxc4 b5 10.Be2 Bb7 11.e4 e5 12.dxe5 Nxe5 13.Nd4 Neg4 14.g3 Bxg3 15.hxg3 Qxd4
16.Qd1 Qxd1 17.Rxd1 Rfe8 18.f3 Ne5 19.Be3 a5 20.Rac1 Bc8 21.Rd6 b4 22.Na4 Ba6
23.Bxa6 Rxa6 24.Kg2 Raa8 25.Bd4 h5 26.b3 Re7 27.Nb6 Ne8 28.Bxe5 Rxe5 29.Rdxc6 Rd8
30.Rc8 Rd2+ 31.Kf1 Rxa2 32.Ra8 Kh7 33.Rcc8 Nf6 34.Nc4 Re6 35.Rxa5 Rc2 36.Rd8 Rc3
37.Nd2 Re7 38.Rb5 g6 39.Rxb4 Rc2 40.Rc4 Rb2 41.Ke2 Rb7 42.Kd3 Nd7 43.Kc3 Ra2
44.f4 Kg7 45.Rcc8 Nb6 46.Rc6 Ra1 47.Rdd6 Nc8 48.Kb2 Nxd6 49.Kxa1 Nb5 50.Rc5 Nd4
51.Rc3 Rd7 52.Nc4 Nb5 53.Re3 Rd1+ 54.Kb2 Rg1 55.Rd3 Rg2+ 56.Nd2 Rf2 57.Rd5 Nc7
58.Rd3 Ne6 59.b4 h4 60.gxh4 Rxf4 61.b5 Rxh4 62.b6 Rh5 63.Nc4 Rb5+ 64.Kc2 Rb4
65.Kc3 Rb1 66.Nb2 Rc1+ 67.Kd2 Rc8 68.Rb3 Kf6 69.b7 Rb8 70.Nc4 Ke7 71.Na5 Kd6  1/2-1/2

[Event "9th Tabor Open 2013"]
[Site "Tabor CZE"]
[Date "2013.08.01"]
[Round "6.2"]
[White "Plischki,S"]
[Black "Yagupov,I"]
[Result "1-0"]
[WhiteElo "2413"]
[BlackElo "2389"]

1.d4 d5 2.c4 c6 3.Nf3 Nf6 4.Nc3 e6 5.e3 Nbd7 6.Bd3 dxc4 7.Bxc4 b5 8.Bd3 a6
9.a4 Bb7 10.O-O b4 11.Ne4 c5 12.Nxf6+ Nxf6 13.dxc5 Bxc5 14.Qe2 Nd7 15.e4 e5
16.Rd1 Qe7 17.Bc4 O-O 18.Bg5 Qe8 19.Rac1 Be7 20.Qe3 Bxg5 21.Nxg5 h6 22.Nxf7 Rxf7
23.Qb3 Bc8 24.f3 Rb8 25.a5 Kf8 26.Bxf7 Qxf7 27.Rxc8+ Rxc8 28.Qxf7+ Kxf7 29.Rxd7+ Kf6
30.h4 h5 31.Rb7 Rc5 32.Rxb4 Rxa5 33.Kh2 Ra1 34.Kg3 a5 35.Rb6+ Kf7 36.Rb5 Kf6
37.f4 exf4+ 38.Kxf4 Rf1+ 39.Ke3 Rb1 40.Kf4 Rf1+ 41.Kg3 Re1 42.Rf5+ Ke6 43.Kf4 Re2
44.g3 Rf2+ 45.Kg5 Rg2 46.Rf3 Rxb2 47.Kxh5 Rb7 48.Ra3 Ra7 49.Ra4 Kf6 50.Kg4 Re7
51.Kf4 Ra7 52.h5 Ra8 53.g4 Ra7 54.g5+ Ke6 55.g6 Kf6 56.e5+ Ke6 57.Kg5 Kxe5
58.h6 gxh6+ 59.Kxh6 Kd6 60.g7 Ra8 61.Rf4 Rg8 62.Rf5  1-0

[Event "9th Tabor Open 2013"]
[Site "Tabor CZE"]
[Date "2013.08.01"]
[Round "6.25"]
[White "Lauko,M"]
[Black "Grussova,H"]
[Result "0-1"]
[WhiteElo "1868"]
[BlackElo "1989"]

1.d4 d5 2.Nf3 Nf6 3.c4 c6 4.e3 e6 5.Nc3 Nbd7 6.cxd5 exd5 7.g3 Bd6 8.Bg2 O-O
9.O-O Re8 10.Re1 Nf8 11.Qc2 Ng6 12.a3 Bg4 13.b3 h6 14.Bb2 Qd7 15.Nd2 Bh3
16.Bh1 Nh7 17.Ne2 Ng5 18.Nf4 Bxf4 19.exf4 Nxf4 20.Nf3  0-1

[Event "Politiken Cup 2013"]
[Site "Helsingor DEN"]
[Date "2013.08.02"]
[Round "8.105"]
[White "Bayhan,Erkan"]
[Black "Hansen,Alex Mehr"]
[Result "0-1"]
[WhiteElo "1753"]
[BlackElo "1953"]

1.d4 c6 2.c4 d5 3.Nc3 Nf6 4.Nf3 e6 5.e3 Bd6 6.Bd3 Nbd7 7.cxd5 exd5 8.O-O O-O
9.b3 Re8 10.Qc2 Nf8 11.h3 Re7 12.Re1 Qe8 13.e4 dxe4 14.Nxe4 Nxe4 15.Rxe4 Rxe4
16.Bxe4 h6 17.Be3 Be6 18.Rd1 Qd8 19.Ne5 f6 20.Ng6 Nxg6 21.Bxg6 Bd5 22.Re1 Qf8
23.Qf5 Bf7 24.Bd2 Bxg6 25.Qxg6 Qf7 26.Qe4 Rd8 27.Be3 Bb4 28.Rd1 Qd5 29.Qxd5+ Rxd5
30.Rc1 Kf7 31.a3 Bd6 32.b4 a5 33.Rb1 axb4 34.axb4 Rb5 35.Kf1 Rxb4 36.Rxb4 Bxb4
37.Ke2 Ke6 38.Kd3 Kd5 39.Bf4 h5 40.Bc7 Be1 41.f3 Bb4 42.Bb6 h4 43.Bd8 b5
44.f4 c5 45.dxc5 Bxc5 46.Bc7 Bd6 47.Ba5 Bxf4 48.Bb4 Bd6 49.Be1 g5 50.Bc3 Be7
51.Bd4 b4 52.Bf2 Bd6 53.Bd4 Be5 54.Bf2 b3 55.Be1 b2 56.Kc2 Ke4 57.Bd2 Bd4
58.Be1 Ke3 59.g3 Ke2 60.gxh4 Kxe1  0-1

[Event "Politiken Cup 2013"]
[Site "Helsingor DEN"]
[Date "2013.08.02"]
[Round "8.119"]
[White "Nielsen,Ej"]
[Black "Starup,Leo"]
[Result "1-0"]
[WhiteElo "1900"]
[BlackElo "1686"]

1.d4 d5 2.Nf3 e6 3.c4 c6 4.e3 Nf6 5.Nc3 Nbd7 6.Bd3 Bd6 7.O-O O-O 8.Qc2 h6
9.Ne2 dxc4 10.Bxc4 b5 11.Bb3 Bb7 12.Ng3 Qc7 13.Qe2 a6 14.e4 Bf4 15.e5 Bxg3
16.hxg3 Nd5 17.Bd2 Rac8 18.Rac1 N7b6 19.g4 Qe7 20.a3 Rfe8 21.Be3 Nxe3 22.Qxe3 Nd5
23.Bxd5 exd5 24.Rc5 Rc7 25.Rfc1 Qe6 26.g5 h5 27.Nh4 g6 28.Qf4 Kh7 29.R1c3 Ree7
30.Rf3 Bc8 31.Rg3 a5 32.Kh2 Qd7 33.b3 Ra7 34.Qe3 Qe8 35.Rf3 Be6 36.Rf6 Rec7
37.f4 Qd7 38.Qd3 Kg7 39.Nxg6 Bf5 40.Rxf5 fxg6 41.Rf6 Qe8 42.f5 gxf5 43.Qxf5 Rf7
44.Qg6+ Kh8 45.Qh6+ Kg8 46.Qg6+ Kh8 47.Rcxc6 Rae7 48.Qf5  1-0

[Event "Politiken Cup 2013"]
[Site "Helsingor DEN"]
[Date "2013.08.02"]
[Round "8.120"]
[White "Wiberg,Jonas"]
[Black "Kristensen,Thomas Overgaard"]
[Result "1-0"]
[WhiteElo "1877"]
[BlackElo "1645"]

1.d4 d5 2.Nf3 Nf6 3.e3 e6 4.c4 c6 5.Nc3 Nbd7 6.Bd3 dxc4 7.Bxc4 Bd6 8.e4 e5
9.O-O O-O 10.Re1 Re8 11.Bg5 Qc7 12.Qb3 Nf8 13.d5 Nh5 14.Rac1 Bg4 15.Be2 Ng6
16.g3 h6 17.Be3 Nf6 18.Nb5 Qd7 19.dxc6 bxc6 20.Nxd6 Qxd6 21.Bc5 Qc7 22.Qc2 Rac8
23.Nd2 a5 24.Bxg4 Nxg4 25.Nc4 Re6 26.Bb6 Qe7 27.Bxa5 Nf4 28.f3 Nh3+ 29.Kg2 Nf4+
30.gxf4 Nxh2 31.f5 Rg6+ 32.fxg6 Nxf3 33.Kxf3 fxg6 34.Qg2 Rf8+ 35.Ke2 Qc5
36.Rf1 Rb8 37.b4 Qb5 38.Qxg6 c5 39.Rf7  1-0

[Event "Politiken Cup 2013"]
[Site "Helsingor DEN"]
[Date "2013.08.02"]
[Round "8.65"]
[White "Jepsen,T2"]
[Black "Heimisson,Hilmir Freyr"]
[Result "1/2-1/2"]
[WhiteElo "2079"]
[BlackElo "1690"]

1.d4 d5 2.c4 c6 3.Nc3 Nf6 4.Nf3 e6 5.e3 Nbd7 6.Qc2 Bd6 7.Bd3 a6 8.O-O b5
9.b3 Bb7 10.e4 dxe4 11.Nxe4 Nxe4 12.Bxe4 Rc8 13.Re1 h6 14.Bb2 Nf6 15.Rad1 Bb8
16.Ne5 O-O 17.Ba3 Re8 18.Bc1 Nxe4 19.Qxe4 Qe7 20.Qg4 Kh8 21.Rd3 Bxe5 22.dxe5 f5
23.Qh5 Rc7 24.Rh3 Qf8 25.Rd1 Rf7 26.Qg6 f4 27.Rd6 c5 28.Rhd3 Rf5 29.Rd1 Rg5
30.Qxe8 Rxg2+ 31.Kf1 Qxe8 32.Rd8 Qxd8 33.Rxd8+ Kh7 34.Bxf4 Rg4 35.Be3 bxc4
36.bxc4 Rxc4 37.Rd6 Bd5 38.Rxa6 Rc1+  1/2-1/2

[Event "Politiken Cup 2013"]
[Site "Helsingor DEN"]
[Date "2013.08.03"]
[Round "9.122"]
[White "Kistrup,Nicolai"]
[Black "Rasmussen,He2"]
[Result "1-0"]
[WhiteElo "1623"]
[BlackElo "1835"]

1.d4 d5 2.c4 c6 3.e3 Nf6 4.Nc3 e6 5.Nf3 Nbd7 6.Bd3 dxc4 7.Bxc4 b5 8.Bd3 b4
9.Ne2 Bb7 10.O-O Be7 11.Bc2 O-O 12.e4 c5 13.Ng3 cxd4 14.Nxd4 Ne5 15.Bf4 Ng6
16.Be3 Ne5 17.h3 Nc4 18.Bc1 Bc5 19.Nb3 Qxd1 20.Rxd1 Bb6 21.Nd2 Nxd2 22.Bxd2 a5
23.e5 Rac8 24.Rac1 Nd5 25.Ne4 Ba6 26.Nd6 Rc7 27.Be4 Bc5 28.Bxd5 exd5 29.Be3 Bxd6
30.exd6 Rxc1 31.Rxc1 Rc8 32.d7 Rd8 33.Rc6 Bb7 34.Rd6 f6 35.Bb6  1-0

[Event "Politiken Cup 2013"]
[Site "Helsingor DEN"]
[Date "2013.08.03"]
[Round "9.4"]
[White "Schandorff,L"]
[Black "Erenburg,S"]
[Result "1/2-1/2"]
[WhiteElo "2522"]
[BlackElo "2615"]

1.d4 d5 2.c4 c6 3.Nc3 Nf6 4.e3 e6 5.Nf3 a6 6.Qc2 c5 7.cxd5 exd5 8.Be2 Nc6
9.O-O Be6 10.Rd1 cxd4 11.Nxd4 Nxd4 12.Rxd4 Bc5 13.Rd1 Qe7 14.Bf3 O-O 15.Bxd5 Nxd5
16.Nxd5 Bxd5 17.Rxd5 Rac8 18.Bd2 Bxe3 19.Bc3 Bb6 20.Qb3 Qe6 21.Rad1 h6 22.h3 Rfe8
23.Qb4 Rc6 24.Re5 Qc8 25.Rde1 Rxe5 26.Rxe5 Qd7 27.Qe7 Rd6 28.Qxd7 Rxd7 29.Re8+ Kh7
30.Kf1 Kg6 31.Ke2  1/2-1/2

[Event "16th Olomouc IM Prima Pack"]
[Site "Olomouc CZE"]
[Date "2013.08.03"]
[Round "4.5"]
[White "Biolek,R2"]
[Black "Tokmachev,M"]
[Result "1/2-1/2"]
[WhiteElo "2437"]
[BlackElo "2356"]

1.d4 d5 2.c4 c6 3.Nc3 Nf6 4.Nf3 e6 5.e3 Nbd7 6.Qc2 Bd6 7.Be2 O-O 8.O-O dxc4
9.Bxc4 b5 10.Be2 Bb7 11.Rd1 Qe7 12.b3 a6 13.Ne4 Nxe4 14.Qxe4 Nf6 15.Qh4 c5
16.dxc5 Bxc5 17.Bb2 Rfd8 18.Ne5 Rxd1+ 19.Rxd1 Rd8 20.Rxd8+ Qxd8 21.Nd3 Be7
22.Qd4 Qxd4 23.Bxd4 Nd7 24.Bf3 Bxf3 25.gxf3 g6 26.Kf1 Kf8 27.Ke2 Ke8 28.Kd2  1/2-1/2

[Event "5th Rethymno Open"]
[Site "Rethymno GRE"]
[Date "2013.08.03"]
[Round "8.7"]
[White "Harestad,H"]
[Black "Kharitonov,Alexandr"]
[Result "0-1"]
[WhiteElo "2318"]
[BlackElo "2538"]

1.d4 d5 2.c4 e6 3.Nf3 c6 4.e3 Nf6 5.Nc3 Nbd7 6.Qc2 Bd6 7.Bd3 O-O 8.O-O dxc4
9.Bxc4 e5 10.h3 h6 11.a3 exd4 12.Nxd4 Nb6 13.Ba2 Nbd5 14.Bd2 Qe7 15.Nxd5 Nxd5
16.Rfe1 Qe5 17.Nf3 Qh5 18.e4 Nf4 19.e5 Nxg2 20.exd6 Qxf3 21.Re5 Nh4 22.Qe4 Qxh3  0-1

[Event "9th Tabor Open 2013"]
[Site "Tabor CZE"]
[Date "2013.08.03"]
[Round "8.48"]
[White "Gruss,Petr"]
[Black "Hostasa,Petr"]
[Result "0-1"]
[WhiteElo "1797"]
[BlackElo "1544"]

1.d4 d5 2.Nf3 Nf6 3.c4 e6 4.e3 c6 5.Nc3 Nbd7 6.a3 a6 7.c5 b6 8.b4 a5 9.bxa5 Rxa5
10.cxb6 Nxb6 11.Ne5 Bd7 12.Qb3 c5 13.dxc5 Bxc5 14.Bb2 Be7 15.Be2 O-O 16.O-O Qb8
17.Nxd7 Nfxd7 18.Rfb1 Qa8 19.Nb5 Rc8 20.g3 Nc4 21.Rc1 Ndb6 22.Bc3 Ra4 23.Bd4 Nd7
24.Bb2 Nc5 25.Qc3 Nxb2 26.Qxb2 Bf6 27.Nc3 Ne4 28.Ra2 Nxc3 29.Rxc3 Bxc3  0-1